Costos en la construccion civil

محفوظ في:
التفاصيل البيبلوغرافية
المؤلف الرئيسي: Munoz Zeledon, Gonzalo
التنسيق: أطروحة كتاب
اللغة:Undetermined
منشور في: 1985
الموضوعات:
> > > > COSTOS
الوسوم: إضافة وسم
لا توجد وسوم, كن أول من يضع وسما على هذه التسجيلة!

MARC

LEADER 00000nam a2200000Ia 4500
001 2750
008 140114s9999 xx 000 0 und d
100 |a Munoz Zeledon, Gonzalo 
245 |a Costos en la construccion civil 
260 |c 1985 
500 |a NULL 
502 |a Escuela de ingenieria Civil 
650 |z COSTOS 
999 |c 11638  |d 11638